00594nam a2200193Ia 4500003000400000005001700004008004100021020002900062040001700091082001900108100001900127245008700146260002500233300001100258500008000269650001500349650001400364700002200378IIN20240104143611.0231217s9999 xx 000 0 und d cRs.195.00a9788123916811 aIINbEnglish a615.854 bBHA1 aBhatia, M. S. 1 aEntrance Examination in Nutrition & Dieteticsc by M. S. Bhatia and Nirmaljit Kour bCBSaNew Delhic2009 a208 p. aThis book contains various short question for Entrance Examination purpose.1 aNutrition 1 aDietetics1 a Kour, Nirmaljit